Relatos del mundo indígena : antología /

Bibliographic Details
Other Authors: Colombres, Adolfo comp
Format: Libro
Language:Spanish
Published: México Sep Diana 1982
Edition:1a. ed.
Series:Sep Setentas Diana 321
Subjects:
Online Access:

MARC

LEADER 00000cam a2200000 a 4500
001 035370
003 UAHC_CL
005 20170803123844.0
008 160530s1982 mx 000 j spa
020 |a 9681313070 
040 |a UAHC_CL  |c UAHC_CL  |d UAHC_CL 
082 0 4 |a M863  |b C718  |2 20 
245 1 0 |a Relatos del mundo indígena :  |b antología /  |c Selección y adaptación: Adolfo Colombres. 
250 |a 1a. ed. 
260 |b Sep Diana  |a México  |c 1982 
300 |a 138 p. 
490 0 |a Sep Setentas Diana  |v 321 
650 4 |a CUENTOS MEXICANOS 
700 1 |a Colombres, Adolfo  |c comp. 
900 |a M863 COL 
942 |c BK 
952 |0 0  |1 0  |4 0  |6 M_863_000000000000000_COL  |7 0  |8 General  |9 67148  |a BC  |b BC  |c General  |d 2017-08-03  |l 0  |o M863 COL  |p 2698  |r 2025-11-26 00:00:00  |t 1  |w 2017-08-03  |y BK 
999 |c 35370  |d 35370